000 00527nam a2200181Ia 4500
003 OSt
005 20200806110600.0
008 190216s9999||||xx |||||||||||||| ||und||
020 _a9788126508273
040 _coclc
082 _a510.2462
_bKRE/A
100 _aKreyszig, Erwin
_93735
245 0 _aAdvanced Engineering Mathematics /
_cErwin Kreyszig
250 _a8th Ed.
260 _bWiley India,
_c2007.
_aNew Delhi:
650 _aMathematics
942 _cBK
_2ddc
_h510.2462
_iKRE/A
_k510.2462
_mKRE/A
999 _c32258
_d32258